Normal view
MARC view
- Tayal, B B
Entry Personal Name
001 - CONTROL NUMBER
- control field: 5723
003 - CONTROL NUMBER IDENTIFIER
- control field: OSt
005 - DATE AND TIME OF LATEST TRANSACTION
- control field: 20180205113358.0
008 - FIXED-LENGTH DATA ELEMENTS
- fixed length control field: 180205|| aca||aabn | a|a d
040 ## - CATALOGING SOURCE
- Original cataloging agency: OSt
- Transcribing agency: OSt
100 ## - HEADING--PERSONAL NAME
- Personal name: Tayal, B B
670 ## - SOURCE DATA FOUND
- Source citation: Work cat.: (OSt): Tayal, B B, Composite social science for us - VII, 2007